[Event "FIDE Grand Swiss 2025"]
[Site "Samarkand UZB"]
[Date "2025.09.08"]
[Round "5.9"]
[White "Giri, A."]
[Black "Oparin, G."]
[Result "1-0"]
[WhiteElo "2748"]
[BlackElo "2660"]
[PlyCount "165"]
[EventDate "2025.09.04"]

1. d4 d5 2. c4 e6 3. Nc3 c6 4. cxd5 exd5 5. Bf4 Bd6 6. Bxd6 Qxd6 7. e3 Ne7 8. Qb3 ({RR} 8. Bd3 Bf5 9. Nge2 Nd7 10. O-O O-O 11. Nf4 Rfe8 12. Qd2 Nb6 13. b3 a5 14. a4 Qh6 15. Nce2 Nbc8 16. b4 axb4 17. Qxb4 Qd6 18. Qxb7 Rb8 19. Qa6 g5 20. Bxf5 Nxf5 21. Nd3 Nb6 22. Ne5 f6 {Karjakin,S (2773)-Aronian,L (2767) Saint Louis 2018 1-0 (90)}) 8... O-O 9. Nf3 ({RR} 9. Bd3 Bf5 10. Bxf5 Nxf5 11. Qxb7 Nd7 12. Qb3 Qg6 13. g3 c5 14. Nge2 cxd4 15. exd4 Nf6 16. Qd1 Rab8 17. Qd2 Nd6 18. b3 Nde4 19. Nxe4 Nxe4 20. Qd3 Rfe8 21. Rd1 Qd6 22. O-O Qa3 23. f3 Nf6 {Dobre,C (2283)-Coicev,M (2340) Timisoara ROU 2026 ½-½ (73)}) 9... Nd7 10. Be2 Nf6 $146 ({RR} 10... Ng6 11. O-O Re8 12. Rac1 Nf6 13. Bd3 Re7 14. Bxg6 hxg6 15. Ne5 Ng4 16. Nf3 Nf6 17. Ne5 Ng4 18. Nf3 Nf6 {½-½ (18) Comp Fritz 4-Valkesalmi,K (2370) Helsinki 1996}) 11. O-O Bg4 12. Qxb7 Rfb8 13. Qa6 Rxb2 14. Na4 Bc8 15. Qd3 Bf5 16. Qd1 Rbb8 17. Nc5 Ne4 18. Nxe4 Bxe4 19. Nd2 Bf5 20. Nb3 Qg6 21. Nc5 Rb2 22. Nd3 Bxd3 23. Bxd3 Qd6 24. Bc2 Rb4 25. Qd3 g6 26. Qa3 a5 27. Rab1 Qb8 28. Qc3 Ra6 29. Qc5 Qa7 30. Qd6 Rab6 31. Rxb4 Rxb4 32. g3 Kg7 33. Bd3 Rb7 34. Qe5+ f6 35. Qd6 Qb8 36. Qc5 Qc7 37. Qa3 Kf7 38. Rc1 f5 39. Kg2 h5 40. h3 Ke6 41. Rc3 Kd7 42. Be2 Ke6 43. Bd3 Kd7 44. Rc5 Ra7 45. Qb3 a4 46. Qa3 Qb8 47. Rc1 Qd6 48. Qb2 a3 49. Qb3 Qc7 50. Rb1 Ke6 51. Qc3 Qa5 52. Qc1 Kf7 53. Rb3 Ke6 54. Qd1 Ra8 55. Qb1 Kf6 56. Rb4 Ke6 57. Bc2 Ra7 58. Ba4 Qc7 59. Qb3 Qd6 60. Qc3 Ra8 61. Bc2 Qc7 62. Qb3 Ra7 63. Rb8 Kf7 64. Bd3 Kg7 65. Rb6 Nc8 66. Ra6 Rxa6 67. Bxa6 Nb6 68. Qxa3 Qa7 69. Qd3 Na4 70. Bc8 Qc7 71. Qb3 Nb6 72. Ba6 h4 73. gxh4 f4 74. exf4 c5 75. dxc5 Qxc5 76. Qe3 Qc6 77. Qe7+ Kg8 78. Bb7 Qb5 79. h5 gxh5 80. f5 d4 81. Qe6+ Kf8 82. Qf6+ Kg8 83. Qxd4 1-0

[Event "Titled Tue 30th Sep 2025"]
[Site "chess.com INT"]
[Date "2025.09.30"]
[Round "10"]
[White "Firouzja, Alireza"]
[Black "Esipenko, Andrey"]
[Result "1-0"]
[WhiteElo "2754"]
[BlackElo "2687"]
[PlyCount "87"]
[EventDate "2025.09.30"]

1. d4 d5 2. c4 e6 3. Nc3 Be7 4. cxd5 exd5 5. Bf4 Nf6 6. e3 O-O 7. Bd3 c5 8. Nf3 Nc6 9. h3 cxd4 10. exd4 Bd6 11. Bxd6 Qxd6 12. O-O Re8 ({RR} 12... a6 13. a3 Be6 14. Rc1 Rac8 15. Re1 h6 16. Bb1 Qf4 17. Ne2 Qd6 18. Ng3 Rfe8 19. Ne5 Na5 20. Rxc8 Rxc8 21. Qd3 Nc4 22. b4 Nb2 23. Qb3 Nc4 24. Qd3 b5 25. Nf5 Qc7 26. Qg3 Bxf5 27. Bxf5 {Sermukhamedova,A (2125)-Silva,L (2277) chess.com INT 2026 0-1 (62)}) 13. Qb3 a6 $146 ({RR} 13... Be6 14. Rfe1 Qf4 15. Ne2 Qd6 16. Nc3 Qf4 17. Ne2 Qd6 18. Nc3 Qf4 19. Ne2 {½-½ (19) Hribar,B (2233)-Cigan,S (2384) Slovenia 2014}) 14. Rfe1 Be6 15. Rac1 b5 16. Qd1 Bd7 17. Qd2 h6 18. Ne2 Rac8 19. Ng3 Rxe1+ 20. Rxe1 Re8 21. Rxe8+ Nxe8 22. Nh5 Nc7 23. Bb1 Ne6 24. Qd3 g6 25. Nf6+ Kg7 26. Ng4 Nf4 27. Qe3 Bxg4 28. hxg4 Ne6 29. a3 Na5 30. g3 Nc4 31. Qc3 a5 32. Bd3 Qb6 33. Qc1 Nxd4 34. Qc3 b4 35. axb4 axb4 36. Qxd4+ Qxd4 37. Nxd4 Nxb2 38. Bc2 Nc4 39. Nc6 Kf6 40. Nxb4 Ke5 41. Kf1 Kd4 42. Ba4 Ne5 43. Nc6+ Nxc6 44. Bxc6 1-0

[Event "Titled Tue 6th May Late"]
[Site "chess.com INT"]
[Date "2025.05.06"]
[Round "10"]
[White "Carlsen, M."]
[Black "Svane, R."]
[Result "1-0"]
[WhiteElo "2837"]
[BlackElo "2629"]
[PlyCount "79"]
[EventDate "2025.05.06"]

1. d4 d5 2. c4 e6 3. Nc3 a6 4. cxd5 exd5 5. Bf4 Nf6 6. e3 Bd6 7. Bxd6 Qxd6 8. Bd3 O-O 9. h3 Re8 10. Nf3 Be6 ({RR} 10... Nc6 11. O-O g6 12. Rc1 Ne7 13. Na4 Bf5 14. Bxf5 Nxf5 15. Qc2 c6 16. Nc5 Re7 17. b4 Ne4 18. a4 Nxc5 19. bxc5 Qe6 20. Rb1 f6 21. Rb6 Rf8 22. Qd3 Kg7 23. Nd2 Nh4 24. Rfb1 Rff7 25. Nb3 {Poormosavi,S (2216)-Bendayan Claros,A (2256) chess.com INT 2026 1-0 (47)}) 11. O-O Nbd7 12. a4 $146 ({RR} 12. Rc1 c6 13. a3 Qe7 14. Na4 Ne4 15. b4 Nd6 16. Nc5 Nb6 17. a4 Bf5 18. a5 Bxd3 19. Qxd3 Nbc4 20. Nd2 Nxd2 21. Qxd2 Qg5 22. Qd3 Re7 23. Rce1 Rae8 24. Re2 Nf5 25. Kh2 Nh4 26. Rg1 h5 {Neverov,V (2448)-Svane,R (2613) Chess.com INT 2020 ½-½ (37)}) ({RR} 12. Qc2 c6 13. b4 g6 14. a4 Kg7 15. Ne2 Rec8 16. Qb2 Ne8 17. Nf4 Qe7 18. b5 axb5 19. axb5 Nd6 20. Rxa8 Rxa8 21. bxc6 bxc6 22. Rc1 Rc8 23. Qa3 Bf5 24. Bxf5 Nxf5 25. Qa6 Rb8 26. Qxc6 Nf6 {Carlsen,M (2839)-Svane,R (2609) chess.com INT 2025 1-0 (45)}) ({RR} 12. Rc1 c6 13. a3 Qe7 14. Na4 Ne4 15. b4 Nd6 16. Nc5 Nb6 17. a4 Bf5 18. a5 Bxd3 19. Qxd3 Nbc4 20. Nd2 Nxd2 21. Qxd2 Qg5 22. Qd3 Re7 23. Rce1 Rae8 24. Re2 Nf5 25. Kh2 Nh4 26. Rg1 h5 {Neverov,V (2448)-Svane,R (2613) Chess.com INT 2020 ½-½ (37)}) 12... c6 13. a5 Rec8 14. Na4 Rab8 15. Qc2 Qe7 16. Rfc1 g6 17. Qc3 Ne4 18. Qa3 Qf6 19. Bxe4 dxe4 20. Nd2 Bd5 21. Nc3 Qe6 22. Nxd5 cxd5 23. Qb4 b5 24. Nf1 Rc4 25. Qd2 Rbc8 26. b3 R4c6 27. Ng3 Qd6 28. Ne2 Nb8 29. Rxc6 Rxc6 30. Nf4 b4 31. Ra4 g5 32. Ne2 Qc7 33. Rxb4 Nd7 34. Qd1 Qxa5 35. Rb7 Nf8 36. Ng3 Qa3 37. Qg4 h6 38. Qf5 Qd6 39. Qxf7+ Kh8 40. Qg7# 1-0

[Event "Chess.com Classic Winners"]
[Site "chess.com INT"]
[Date "2025.05.20"]
[Round "1.3"]
[White "Gukesh, D."]
[Black "Fedoseev, Vl3"]
[Result "0-1"]
[WhiteElo "2787"]
[BlackElo "2739"]
[PlyCount "70"]
[EventDate "2025.05.20"]
[EventType "k.o."]

1. c4 e6 2. Nc3 d5 3. d4 Be7 4. Nf3 Nf6 5. cxd5 exd5 6. Bf4 c6 7. e3 Nh5 8. h3 Nxf4 9. exf4 Bd6 10. g3 O-O 11. Bd3 Re8+ 12. Kf1 Nd7 13. Kg2 Nf6 $146 ({RR} 13... Nf8 14. a3 Qf6 15. Qc2 g6 16. h4 h5 17. b4 Ne6 18. Rhe1 Rd8 19. Ne2 a5 20. b5 c5 21. Qd2 Nxd4 22. Nexd4 cxd4 23. Bc2 Bd7 24. Nxd4 a4 25. Re3 Bc5 26. Re5 Kg7 27. Rae1 Bxd4 28. Qxd4 {Seemann,J (2500)-Siddharth,J (2467) Durres 2025 1-0}) ({RR} 13... Nf8 14. Qc2 g6 15. h4 Bg4 16. Ne5 Bxe5 17. dxe5 Ne6 18. Ne2 Ng7 19. h5 d4 20. hxg6 fxg6 21. Qc4+ Be6 22. Qxd4 Qxd4 23. Nxd4 Bd5+ 24. f3 Rad8 25. Rhd1 Rd7 26. Nb3 g5 27. Nc5 Rf7 28. Ne4 {Martirosyan,H (2633)-Psyk,R (2501) Katowice POL 2026 1-0 (60)}) ({RR} 13... Nf8 14. Qc2 g6 15. Nd1 Qf6 16. Ne3 h5 17. Rae1 Bd7 18. Ne5 Rad8 19. Qa4 a6 20. Nxd7 Nxd7 21. Nxd5 cxd5 22. Rxe8+ Rxe8 23. Qxd7 Rd8 24. Qxb7 Qxd4 25. Qxa6 h4 26. gxh4 Qxf4 27. Qa5 Qxh4 28. Qxd5 {Bluebaum,M (2687)-Baenziger,F (2439) Batumi 2025 1-0 (48)}) 14. Ne5 c5 15. Nb5 c4 16. Be2 a6 17. Nc3 b5 18. Bf3 Bb7 19. a3 Ne4 20. Qc2 Qb6 21. Rhe1 Bxe5 22. dxe5 Nxc3 23. bxc3 d4 24. cxd4 Bxf3+ 25. Kxf3 Rad8 26. Rad1 Rxd4 27. Rxd4 Qxd4 28. Rd1 Qc5 29. Qc3 f6 30. Qd4 Qxd4 31. Rxd4 fxe5 32. Re4 Rc8 33. Ke2 exf4 34. Rxf4 Re8+ 35. Kd2 Rf8 0-1

[Event "Titled Tue 13th May Early"]
[Site "chess.com INT"]
[Date "2025.05.13"]
[Round "11"]
[White "Shirov, A."]
[Black "Bluebaum, M."]
[Result "1/2-1/2"]
[WhiteElo "2620"]
[BlackElo "2660"]
[PlyCount "149"]
[EventDate "2025.05.13"]

1. d4 d5 2. c4 e6 3. Nc3 Bb4 4. cxd5 exd5 5. Nf3 Nf6 6. Bg5 h6 7. Bxf6 Qxf6 8. Rc1 O-O 9. e3 c6 ({RR} 9... Nc6 10. Bd3 Ne7 11. O-O c6 12. Ne5 Bd6 13. f4 Bf5 14. Bxf5 Nxf5 15. Nd7 Qd8 16. Nxf8 Nxe3 17. Qd3 Nxf1 18. Qh7+ Kxf8 19. Re1 f6 20. Rxf1 Kf7 21. f5 Qe7 22. Qg6+ Kf8 23. Rf2 Qe1+ 24. Rf1 {Yang,D (2128)-Levitan,C (2327) chess.com INT 2025 0-1 (31)}) 10. Be2 Bd6 ({RR} 10... Bf5 11. O-O Nd7 12. Qb3 Bxc3 13. Rxc3 Rab8 14. Ne1 Rfe8 15. Nd3 Be4 16. Qd1 Qg5 17. Bf3 Bxd3 18. Qxd3 Nf6 19. b4 a6 20. a4 Ne4 21. Bxe4 Rxe4 22. b5 axb5 23. axb5 Re6 24. bxc6 bxc6 25. Rfc1 {Michalik,P (2575)-Movsesian,S (2653) Prague 2016 ½-½}) 11. O-O Bf5 12. Bd3 $146 ({RR} 12. a3 Nd7 13. Na4 Qe7 14. b4 Nf6 15. Nd2 Ne4 16. Nxe4 Bxe4 17. Nc5 Qh4 18. g3 Qh3 19. Nxe4 dxe4 20. Bg4 {1-0 (20) Dmitrenko,V (2456)-Kanyamarala,T (2193) Chess.com INT 2020}) ({RR} 12. Na4 Nd7 13. b4 b5 14. Nc5 a5 15. a3 axb4 16. axb4 Ra2 17. Bd3 Bg4 18. h3 Nxc5 19. hxg4 Nxd3 20. Qxd3 Rc8 21. Ra1 Rxa1 22. Rxa1 Bxb4 23. Ra6 Bd6 24. Qc2 g6 25. Kf1 Bb8 26. Ra8 Qd8 {Morris,J (2473)-Iljin,T (2273) Chess.com INT 2020 0-1 (50)}) 12... Nd7 13. Bxf5 Qxf5 14. Qc2 Qxc2 15. Rxc2 f5 16. Ne1 Rae8 17. Nd3 f4 18. exf4 Bxf4 19. Na4 Bd6 20. Nac5 Nxc5 21. dxc5 Bc7 22. Rd1 Re4 23. f3 Re7 24. Kf2 Rfe8 25. g3 Rf7 26. Re1 Ref8 27. f4 g5 28. Kf3 gxf4 29. g4 Rg7 30. Re6 h5 31. gxh5 Rg5 32. Rg6+ Rxg6 33. hxg6 Kg7 34. Re2 Kxg6 35. Re7 Rf7 36. Rxf7 Kxf7 37. Nxf4 Kf6 38. h3 Ke5 39. Ke3 Kf5 40. Nd3 Bd8 41. Kf3 Bf6 42. b3 Bd4 43. b4 Bc3 44. a3 a5 45. bxa5 Bxa5 46. a4 Bc3 47. Ke3 Bf6 48. Kf3 Bd4 49. h4 Bf6 50. h5 Bg5 51. Nf2 Be7 52. Nd3 Kg5 53. Kg3 Kxh5 54. Kf4 Kg6 55. Ke5 Kf7 56. Kf5 Bf6 57. Nf4 Bd4 58. Ne6 Bg1 59. Nd8+ Ke7 60. Nxb7 Kd7 61. a5 Kc7 62. a6 Bf2 63. Ke5 Bg1 64. Kf5 Be3 65. Ke5 Bf2 66. Kf5 Kb8 67. Na5 Ka7 68. Nxc6+ Kxa6 69. Nb4+ Kb5 70. c6 Kb6 71. Ke5 d4 72. Ke4 Be1 73. Nc2 Kxc6 74. Nxe1 d3 75. Nxd3 1/2-1/2

[Event "Chess.com Classic Play-In"]
[Site "chess.com INT"]
[Date "2025.05.19"]
[Round "5"]
[White "Korobov, A."]
[Black "Grischuk, A."]
[Result "1/2-1/2"]
[WhiteElo "2631"]
[BlackElo "2682"]
[PlyCount "91"]
[EventDate "2025.05.19"]

1. d4 d5 2. c4 e6 3. Nc3 Be7 4. cxd5 exd5 5. Bf4 Nf6 6. e3 Bf5 7. Nf3 c6 8. h3 Qb6 9. Qc1 h6 10. Be2 ({RR} 10. Ne5 Nbd7 11. Bd3 Bxd3 12. Nxd3 O-O 13. O-O Ne4 14. Qc2 Nxc3 15. bxc3 c5 16. Qa4 Qe6 17. Rab1 b6 18. Qa6 Rfc8 19. a4 Nf6 20. Be5 Ne4 21. Nf4 Qd7 22. dxc5 Nd2 23. cxb6 axb6 24. Qxb6 Nc4 {Sokolov,I (2567)-Burg,T (2491) Amsterdam NED 2026 ½-½ (40)}) 10... Nbd7 11. O-O O-O 12. a3 a5 $146 ({RR} 12... Rfc8 13. b4 a5 14. Na4 Qd8 15. Qb2 Qf8 16. b5 cxb5 17. Qxb5 Bxa3 18. g4 Bc2 19. Ne5 Nxe5 20. dxe5 Ne4 21. Qxd5 Bxa4 22. Qxe4 Qb4 23. Bd3 Qxe4 24. Bxe4 Rc3 25. Bxb7 Rb8 26. Bd5 Rd8 27. e4 {Tolk,P (2300)-Flear,C (2210) Mondorf 1991 ½-½ (55)}) 13. Nd2 Rfe8 14. Bd1 Bf8 15. Bc2 Bxc2 16. Qxc2 Qa6 17. b3 Rac8 18. b4 b5 19. Nb3 a4 20. Nc5 Nxc5 21. bxc5 Re6 22. Na2 Rce8 23. Nb4 Qc8 24. Nd3 Be7 25. Rae1 Bd8 26. Re2 Ba5 27. Be5 Ne4 28. Bh2 R6e7 29. Kh1 Bc7 30. Bxc7 Qxc7 31. g3 g5 32. Kg2 Kg7 33. Rh1 f6 34. h4 Nxg3 35. fxg3 Rxe3 36. Ne5 Rxe2+ 37. Qxe2 fxe5 38. hxg5 Qf7 39. Rxh6 exd4 40. Qd3 Re4 41. Rxc6 Qh5 42. Rc7+ Kg8 43. Rc8+ Kg7 44. Rc7+ Kg8 45. Rc8+ Kg7 46. Rc7+ 1/2-1/2

[Event "Titled Tue 13th May Early"]
[Site "chess.com INT"]
[Date "2025.05.13"]
[Round "9"]
[White "Nakamura, Hi"]
[Black "Martinez Alcantara, Jose Eduardo"]
[Result "1/2-1/2"]
[WhiteElo "2804"]
[BlackElo "2611"]
[PlyCount "163"]
[EventDate "2025.05.13"]

1. d4 d5 2. c4 e6 3. Nc3 a6 4. cxd5 exd5 5. Nf3 Nf6 6. Bg5 Be6 7. e3 Nbd7 8. Bd3 Bd6 9. Qc2 h6 10. Bh4 O-O 11. Bg3 Bxg3 12. hxg3 Rc8 13. O-O Re8 14. b4 c6 15. a4 Qe7 $146 ({RR} 15... Bg4 16. Nd2 Nf8 17. Nb3 Bh5 18. Nc5 Qe7 19. b5 cxb5 20. axb5 b6 21. N5a4 axb5 22. Bxb5 Red8 23. Nxb6 Rc7 24. Qb3 Qe6 25. Nba4 Qf5 26. Nc5 Ne6 27. N3a4 Bg6 28. Be2 Ng5 29. Rac1 Rdc8 30. Qb4 {Sjugirov,S (2705)-Andreikin,D (2729) chess.com INT 2023 0-1 (32)}) ({RR} 15... Bg4 16. Nd2 Nf8 17. Nb3 Bh5 18. Nc5 Qe7 19. b5 cxb5 20. axb5 b6 21. N5a4 axb5 22. Bxb5 Red8 23. Nxb6 Rc7 24. Qb3 Qe6 25. Nba4 Qf5 26. Nc5 Ne6 27. N3a4 Bg6 28. Be2 Ng5 29. Rac1 Rdc8 30. Qb4 {Sjugirov,S (2705)-Andreikin,D (2729) chess.com INT 2023 0-1 (32)}) 16. Rab1 Bg4 17. Nd2 Nf8 18. Nb3 Ne6 19. Nc5 Ng5 20. Rbe1 Qc7 21. a5 Rcd8 22. Bf5 Bxf5 23. Qxf5 Nge4 24. N3xe4 Nxe4 25. Rc1 Nd6 26. Qh5 Qc8 27. g4 Ne4 28. g3 Re7 29. Qh4 Rde8 30. Kg2 f6 31. Qh5 Ng5 32. Rh1 Ne4 33. Qg6 Nxc5 34. bxc5 Kf8 35. Rb1 Rf7 36. Qh7 Ke7 37. Qg6 Kf8 38. Rb6 Ree7 39. Qh7 Ke8 40. Qg6 Kd8 41. Rhb1 Qe6 42. Qf5 Qc8 43. R1b3 Rc7 44. f3 Rfe7 45. Kf2 Qd7 46. Qxd7+ Rcxd7 47. Rb1 Kc8 48. Rh1 Rd8 49. Rb3 Rde8 50. Rh5 Kc7 51. Rh2 Kc8 52. f4 Rf8 53. Rh5 Kc7 54. Kf3 Kc8 55. Ke2 Kc7 56. Kd3 Kc8 57. Rb1 Kc7 58. Rf1 Kc8 59. Rf3 Kc7 60. Ke2 Kc8 61. g5 fxg5 62. fxg5 Rxf3 63. Kxf3 hxg5 64. Rxg5 Kd7 65. Rh5 Rf7+ 66. Ke2 Ke6 67. Rh8 Kf5 68. Kf3 Kg5+ 69. Kg2 Kf5 70. Rh4 Re7 71. Rf4+ Kg6 72. Kf3 Kh6 73. Rh4+ Kg5 74. Rf4 Kh5 75. Rf5+ Kh6 76. Rf8 Kg5 77. g4 g6 78. Rb8 Rf7+ 79. Kg3 Re7 80. Kf3 Rf7+ 81. Kg3 Re7 82. Kf3 1/2-1/2

[Event "Titled Tue 29th Jul Late"]
[Site "chess.com INT"]
[Date "2025.07.29"]
[Round "11"]
[White "Salem, AR."]
[Black "Bluebaum, M."]
[Result "1/2-1/2"]
[WhiteElo "2627"]
[BlackElo "2660"]
[PlyCount "116"]
[EventDate "2025.07.29"]

1. d4 d5 2. c4 e6 3. Nc3 Bb4 4. a3 Bxc3+ 5. bxc3 Nf6 6. cxd5 exd5 7. e3 Bf5 8. f3 Nc6 9. Ne2 O-O 10. g4 Nxg4 11. Ng3 Qh4 12. fxg4 Be4 13. Rg1 ({RR} 13. Kd2 Bxh1 14. Nxh1 Qxh2+ 15. Be2 f5 16. Kd3 Rae8 17. Bd2 Na5 18. Qg1 Qd6 19. Kc2 f4 20. Bd3 fxe3 21. Be1 Nc4 22. Ng3 Qb6 23. Ra2 c5 24. Qh1 Qc6 25. Qxh7+ Kf7 26. Nf5 Rg8 27. g5 Re4 {Gholami Orimi,M (2504)-Bluebaum,M (2662) chess.com INT 2025 1-0 (50)}) 13... Qxh2 14. Nxe4 $146 ({RR} 14. Ne2 f5 15. g5 Rae8 16. Qb3 f4 17. Qxb7 f3 18. Rg4 fxe2 19. Bxe2 Qf2+ 20. Kd2 Bf3 {0-1 (20) Piesik,P (2415)-Bluebaum,M (2640) chess.com INT 2024}) ({RR} 14. Ne2 f5 15. g5 Rae8 16. Qb3 f4 17. Qxb7 f3 18. Rg4 fxe2 19. Bxe2 Qf2+ 20. Kd2 Bf3 {0-1 (20) Piesik,P (2415)-Bluebaum,M (2640) chess.com INT 2024}) 14... Qxg1 15. Nf2 Qg3 16. Bd3 Ne7 17. Qc2 g6 18. Qb3 Rad8 19. Bd2 f5 20. g5 Rde8 21. Kf1 Qxg5 22. Qxb7 Qg3 23. c4 f4 24. exf4 Rxf4 25. Bxf4 Qxf4 26. Qb2 Rf8 27. Qe2 Qxd4 28. Rd1 Qf6 29. cxd5 Nf5 30. Bxf5 Qxf5 31. Qe6+ Qxe6 32. dxe6 Re8 33. Re1 Kg7 34. Nd3 Kf6 35. Nc5 Ke7 36. Rd1 Rf8+ 37. Ke2 Rd8 38. Rxd8 Kxd8 39. Ke3 Ke7 40. Kf4 h6 41. a4 c6 42. a5 Kd6 43. a6 Ke7 44. Ke5 h5 45. Kf4 Kf6 46. Ke4 g5 47. Ke3 Ke7 48. Kf3 Kf6 49. Ke4 Ke7 50. Kf5 h4 51. Kg4 Kf6 52. Kf3 h3 53. Kg3 g4 54. Kh2 Ke7 55. Kg3 Kd6 56. Kh2 Ke7 57. Kg3 Kd6 58. Kh2 Ke7 1/2-1/2

[Event "FIDE Grand Swiss 2025"]
[Site "Samarkand UZB"]
[Date "2025.09.04"]
[Round "1.10"]
[White "Mamedyarov, S."]
[Black "Cheparinov, I."]
[Result "1/2-1/2"]
[WhiteElo "2746"]
[BlackElo "2625"]
[PlyCount "50"]
[EventDate "2025.09.04"]

1. d4 d5 2. c4 e6 3. Nc3 dxc4 4. e3 a6 5. Bxc4 b5 6. Be2 Nf6 7. Bf3 Ra7 8. a4 $146 ({RR} 8. Nge2 Bb7 9. Ng3 c5 10. O-O Nbd7 11. Bxb7 Rxb7 12. Qf3 Qc8 13. Bd2 Be7 14. Rfc1 O-O 15. dxc5 Ne5 16. Qe2 Qxc5 17. a4 Qc4 18. axb5 axb5 19. Nd1 Qxe2 20. Nxe2 Ne4 21. Ba5 Nc5 22. Nd4 b4 {Firouzja,A (2767)-Fedoseev,V (2692) chess.com INT 2024 0-1 (52)}) ({RR} 8. Nge2 c5 9. O-O Bb7 10. Nf4 Nbd7 11. Bxb7 Rxb7 12. Qf3 Qc8 13. Rd1 cxd4 14. exd4 Bd6 15. d5 Ne5 16. Qh3 b4 17. Nce2 Neg4 18. dxe6 Bc5 19. Nd3 O-O 20. Bf4 fxe6 21. Rac1 Nxf2 22. Nxf2 Ne4 {Danielian,E (2390)-Badelka,O (2392) Batumi GEO 2026 0-1 (36)}) 8... b4 9. Ne4 Be7 10. Ne2 O-O 11. O-O Nbd7 12. b3 c5 13. Bb2 Nxe4 14. Bxe4 Rc7 15. Rc1 h6 16. Bb1 Bb7 17. Qc2 Nf6 18. Ng3 Rc8 19. Nh5 Ne4 20. Qd1 Qd5 21. Nf4 Qg5 22. Nh3 Qh4 23. Nf4 Qg5 24. Nh3 Qh4 25. Nf4 Qg5 1/2-1/2

[Event "82nd PGE ch-POL 2025"]
[Site "Krakow POL"]
[Date "2025.05.11"]
[Round "6.4"]
[White "Wojtaszek, R."]
[Black "Bartel, Mat"]
[Result "1-0"]
[WhiteElo "2655"]
[BlackElo "2601"]
[PlyCount "81"]
[EventDate "2025.05.06"]

1. d4 d5 2. c4 e6 3. Nc3 Bb4 4. e3 Nf6 5. a3 Bxc3+ 6. bxc3 c6 7. Bd3 O-O 8. Ne2 b6 9. cxd5 cxd5 10. f3 Ba6 11. O-O Bxd3 12. Qxd3 Nc6 ({RR} 12... Nbd7 13. Ng3 h5 14. Bd2 Re8 15. c4 h4 16. Ne2 dxc4 17. Qxc4 e5 18. Rad1 Rc8 19. Qb3 exd4 20. Nxd4 Nc5 21. Qb1 g6 22. Ne2 Qe7 23. e4 h3 24. Nf4 hxg2 25. Rfe1 Qe5 26. Nxg2 Qh5 27. Rf1 {Wojtaszek,R (2667)-Rakotomaharo,F (2434) Doha QAT 2025 ½-½ (85)}) 13. e4 h6 14. e5 Nh7 $146 ({RR} 14... Nd7 15. f4 f5 16. a4 Na5 17. Ba3 Rf7 18. g4 Nc4 19. gxf5 Rxf5 20. Ng3 Rf7 21. Bc1 Qe7 22. Ra2 Raf8 23. Raf2 Kh8 24. Kh1 Kg8 25. Qg6 Ndxe5 26. dxe5 Nxe5 27. Qc2 Nc4 28. Rg2 Kh8 29. Rfg1 {Horvath,M (2022)-Schloffer,J (1563) Feldkirch 2013 1-0 (39)}) 15. f4 f5 16. g4 Ne7 17. h3 Rf7 18. a4 Kh8 19. Kh2 Qd7 20. Ba3 Rg8 21. a5 bxa5 22. Bc5 g5 23. Rxa5 Nc6 24. Ra2 fxg4 25. hxg4 gxf4 26. Nxf4 Rxg4 27. Raf2 Rgg7 28. Nh5 Rxf2+ 29. Rxf2 Rg5 30. Qh3 Nd8 31. Ba3 Rf5 32. Rxf5 exf5 33. Nf4 Qa4 34. Be7 Nc6 35. Bf6+ Nxf6 36. exf6 Qc2+ 37. Ng2 Qd2 38. Qh5 Qg5 39. Qe8+ Kh7 40. Qd7+ Kh8 41. Qxc6 1-0

[Event "Titled Tue 6th May Early"]
[Site "chess.com INT"]
[Date "2025.05.06"]
[Round "8"]
[White "Sarana, A."]
[Black "Svane, R."]
[Result "1/2-1/2"]
[WhiteElo "2686"]
[BlackElo "2629"]
[PlyCount "136"]
[EventDate "2025.05.06"]

1. d4 d5 2. c4 e6 3. Nc3 a6 4. cxd5 exd5 5. Nf3 Nf6 6. Bg5 Be6 7. e3 Nbd7 8. Bd3 Bd6 9. O-O c6 10. Bh4 Qc7 11. Kh1 ({RR} 11. Rc1 h6 12. Kh1 g5 13. Bg3 Bxg3 14. fxg3 O-O-O 15. b4 Rdg8 16. b5 axb5 17. Nxb5 Qb8 18. Qa4 Kd8 19. Na7 Ke8 20. Qa3 Qa8 21. Bb5 Nb8 22. Ne5 Nfd7 23. Bxc6 bxc6 24. Nexc6 Nxc6 25. Rxc6 Nf8 {Predke,A (2640)-Ceyhan,M (2168) Eforie Nord ROU 2025 1-0 (31)}) 11... Bg4 12. h3 Bh5 13. Qc2 $146 ({RR} 13. e4 dxe4 14. Nxe4 Nxe4 15. Bxe4 O-O 16. Qd3 Bg6 17. Rae1 Rfe8 18. Ng5 Nf6 19. Bxg6 hxg6 20. Ne4 Nd5 21. Bg3 Bxg3 22. fxg3 Re7 23. Nc3 Nf6 24. Rxe7 Qxe7 25. g4 Rd8 26. a3 Qd6 27. Qf3 Qxd4 {Andreikin,D (2729)-Svane,R (2631) chess.com INT 2023 ½-½ (40)}) ({RR} 13. e4 dxe4 14. Nxe4 Nxe4 15. Bxe4 O-O 16. Qd3 Bg6 17. Rae1 Rfe8 18. Ng5 Nf6 19. Bxg6 hxg6 20. Ne4 Nd5 21. Bg3 Bxg3 22. fxg3 Re7 23. Nc3 Nf6 24. Rxe7 Qxe7 25. g4 Rd8 26. a3 Qd6 27. Qf3 Qxd4 {Andreikin,D (2729)-Svane,R (2631) chess.com INT 2023 ½-½ (40)}) 13... O-O 14. Rae1 Bg6 15. Bxg6 hxg6 16. Nd2 Rfe8 17. Rc1 Rac8 18. Qd3 Qb6 19. Rc2 Re6 20. Nf3 Rce8 21. Ng5 R6e7 22. Rfc1 Qa5 23. a3 Ne4 24. Qe2 Nxg5 25. Bxg5 Re6 26. Qf3 Nf6 27. Bf4 Bxf4 28. Qxf4 Ne4 29. Nxe4 Rxe4 30. Qg3 R4e7 31. Rc3 Qb5 32. R3c2 Qb3 33. Rd2 Re4 34. Qd6 R4e6 35. Qc5 Qb5 36. Kg1 g5 37. g4 g6 38. Kg2 Kg7 39. Rc3 f5 40. b3 Kf6 41. a4 Qxc5 42. Rxc5 Re4 43. Kf3 Rh8 44. Kg3 fxg4 45. hxg4 Rh4 46. b4 Rhxg4+ 47. Kf3 Rg1 48. b5 g4+ 49. Ke2 axb5 50. axb5 g3 51. Kf3 gxf2 52. Rxf2 Re6 53. Rfc2 Re1 54. R2c3 Rd6 55. bxc6 bxc6 56. Rxc6 Rxc6 57. Rxc6+ Ke7 58. Rxg6 Rf1+ 59. Kg4 Rf2 60. Ra6 Rf1 61. Ra5 Ke6 62. Ra6+ Ke7 63. Kg3 Rf5 64. Rb6 Rf1 65. Rh6 Rf5 66. Kg4 Rf1 67. Rg6 Rf2 68. Ra6 Rf1 1/2-1/2

[Event "Chess.com Classic Play-In"]
[Site "chess.com INT"]
[Date "2025.05.19"]
[Round "9"]
[White "Vidit, S."]
[Black "Fedoseev, Vl3"]
[Result "0-1"]
[WhiteElo "2720"]
[BlackElo "2739"]
[PlyCount "154"]
[EventDate "2025.05.19"]

1. d4 {RR} d5 2. c4 e6 3. Nc3 Be7 4. cxd5 exd5 5. Bf4 c6 6. e3 Bf5 7. Nge2 Nd7 8. Ng3 Bg6 9. Be2 Nf8 ({RR} 9... Nb6 10. Be5 Nf6 11. h4 h6 12. h5 Bh7 13. Bd3 O-O 14. Bxh7+ Kxh7 15. Qc2+ Kh8 16. Nf5 Nc4 17. b3 Nxe5 18. dxe5 Ng4 19. f4 Qd7 20. O-O-O f6 21. e4 fxe5 22. Qe2 Nf6 23. Nh4 exf4 24. Ng6+ {Nakamura,H (2758)-Aronian,L (2802) London 2011 CBM 146 [RR] 1-0 (54)}) 10. Be5 ({RR} 10. h4 Bxh4 11. Qb3 Bxg3 12. Bxg3 Qb6 13. Qa3 Ne6 14. Bd6 Qd8 15. Nxd5 Qg5 16. Nc3 Qxg2 17. Rf1 Nf6 18. Qb4 Rd8 19. Be5 Ng4 20. Bxg4 Qxg4 21. Rd1 Rd7 22. f3 Qh4+ 23. Rf2 c5 24. Qa4 cxd4 {Podolchenko,E (2357)-Lokesh,N (2140) Chennai IND 2024 1-0 (34)}) 10... f6 $146 ({RR} 10... Ne6 11. Bg4 Nf6 12. Bxf6 Bxf6 13. f4 h5 14. Bxh5 Bxh5 15. Nxh5 Bxd4 16. exd4 Qh4+ 17. g3 Qxh5 18. Qxh5 Rxh5 19. Rd1 Kd7 20. Kf2 Rah8 21. Kg2 Kd6 22. h3 b6 23. b4 Ra8 24. Rd2 a5 25. b5 {Grigore,N (2385)-Dolana,A (2199) Baile Olanesti 2013 ½-½ (44)}) 11. Bf4 Ne6 12. h4 Nxf4 13. exf4 Nh6 14. h5 Bf7 15. Bd3 Qc7 16. Nge2 O-O-O 17. Qc2 Bd6 18. g3 Be6 19. O-O-O Bg4 20. Kb1 Kb8 21. Rc1 Qf7 22. Ng1 Bxh5 23. f3 Qe8 24. g4 Bf7 25. Nh3 Ng8 26. Rce1 Ne7 27. f5 Qd7 28. Ne2 Qc7 29. Qd2 g5 30. f4 h6 31. a3 Rdg8 32. Reg1 Qb6 33. Ka2 c5 34. dxc5 Bxc5 35. Rg3 Be3 36. Rxe3 d4+ 37. Re6 Bxe6+ 38. fxe6 Qxe6+ 39. Ka1 Qxg4 40. Nxd4 Rd8 41. Qb4 Qg2 42. Re1 Nc6 43. Nxc6+ Qxc6 44. Nf2 Rhe8 45. Rg1 Qd6 46. Qxd6+ Rxd6 47. Rh1 Rd4 48. Rxh6 Rxf4 49. Ne4 Rfxe4 50. Bxe4 Rxe4 51. Rxf6 g4 52. Rf7 a5 53. Rg7 Ka7 54. Kb1 Kb6 55. Kc2 Rf4 56. b3 Kc6 57. Kd3 Rf3+ 58. Kc4 b5+ 59. Kd4 Rxb3 60. Rxg4 Rxa3 61. Rg6+ Kd7 62. Kc5 b4 63. Rb6 Kc7 64. Rc6+ Kd7 65. Rb6 b3 66. Rb7+ Ke6 67. Kc4 a4 68. Rb6+ Ke5 69. Rb5+ Ke4 70. Rb8 Ke3 71. Kc3 Ra2 72. Re8+ Kf2 73. Rf8+ Ke2 74. Re8+ Kd1 75. Rh8 Rc2+ 76. Kd3 Kc1 77. Ra8 b2 0-1